| 000 | 01521nam0a2200385 4500 | ||
|---|---|---|---|
| 001 | RU\NLR\bibl\937422 | ||
| 005 | 20260406062136.0 | ||
| 010 |
_a5-7062-0191-9 _910000 |
||
| 021 |
_aRU _b2006-14240 _9700 |
||
| 035 | _a(NLR Aleph) 000925614 | ||
| 090 |
_a127452 _c127452 |
||
| 100 | _a20060421d2004 |||y0rusy50 ca | ||
| 101 | 0 |
_arus _ager |
|
| 102 | _aRU | ||
| 105 | _ay ||||||||| | ||
| 200 | 1 |
_aНемецко-русский и русско-немецкий словарь _eоколо 20000 слов в каждой части _f[сост. Филиппова М. С.] |
|
| 210 |
_aСанкт-Петербург _cVictory _d2004 |
||
| 215 |
_a958 с. _d17 |
||
| 606 | 0 |
_aНемецкий язык _xСловари _xРусский язык _91696762 _3RU\NLR\auth\66754878 |
|
| 606 | 0 |
_aРусский язык _xСловари _xНемецкий язык _91537828 _3RU\NLR\auth\66971516 |
|
| 610 | 0 | _aНемецко-русские словари | |
| 610 | 0 | _aРусско-латинские словари | |
| 675 |
_a811.161.1'374-112.2 _v3 _zrus |
||
| 675 |
_a811.112.2'374-161.1 _v3 _zrus |
||
| 686 |
_a16.41 _2rugasnti |
||
| 686 |
_a81.2Нем-4 _2rubbk |
||
| 686 | _aШ143.24-491перев | ||
| 686 | _aШ141.12-491перев | ||
| 702 | 1 |
_4220 _8rus _7ca _aФилиппова _bМ. С. _cфилолог, нем. язык _3RU\NLR\AUTH\7712341 _9122063 |
|
| 801 | 0 |
_aRU _bRKP _c20030530 _gPSBO |
|
| 801 | 1 |
_aRU _bRKP _c20030530 |
|
| 801 | 2 |
_aRU _bNLR _c20060605 _grcr |
|
| 942 | _cBOOK | ||
| 980 | _aNB | ||